Foundations Of Artificial Intelligence And Expert Systems/ (Record no. 1745)

MARC details
000 -LEADER
Fixed length control field 00454nam a2200157 4500
003 - CONTROL NUMBER IDENTIFIER
Control field SEACOMEC
005 - DATE AND TIME OF LATEST TRANSACTION
Control field 20241005125136.0
008 - FIXED-LENGTH DATA ELEMENTS--GENERAL INFORMATION
Fixed length control field 241005b |||||||| |||| 00| 0 eng d
020 ## - INTERNATIONAL STANDARD BOOK NUMBER / ISBN
Price 165.00
040 ## - CATALOGING SOURCE
Original cataloging agency SEACOMEC
082 ## - DEWEY DECIMAL CLASSIFICATION NUMBER
Classification number 006.3
Book Number J33
100 ## - MAIN ENTRY--PERSONAL NAME
Personal name Janakiraman, V. S.
245 ## - TITLE STATEMENT
Title Foundations Of Artificial Intelligence And Expert Systems/
Statement of responsibility V. S. Janakiraman, K. Sarukesi, P. Gopalakrishnan
260 ## - IMPRINT
Place of publication Delhi
Name of publisher Macmillan
Date of publication 2005
942 ## - ADDED ENTRY ELEMENTS (KOHA)
Koha item type Books
Holdings
Withdrawn status Lost status Source of classification Damaged status Not for loan Home library Current library Date acquired Total Checkouts Call number Accession number Date last seen Price effective from Koha item type Copy number
    Dewey Decimal Classification     SEACOM ENGINEERING COLLEGE SEACOM ENGINEERING COLLEGE 28/06/2007   006.3 J33 7272 05/10/2024 05/10/2024 Books  
    Dewey Decimal Classification     SEACOM ENGINEERING COLLEGE SEACOM ENGINEERING COLLEGE 28/06/2007   006.3 J33 7273 05/10/2024 05/10/2024 Books 1
    Dewey Decimal Classification     SEACOM ENGINEERING COLLEGE SEACOM ENGINEERING COLLEGE 28/06/2007   006.3 J33 7274 05/10/2024 05/10/2024 Books 2
    Dewey Decimal Classification     SEACOM ENGINEERING COLLEGE SEACOM ENGINEERING COLLEGE 28/06/2007   006.3 J33 7275 05/10/2024 05/10/2024 Books 3
    Dewey Decimal Classification     SEACOM ENGINEERING COLLEGE SEACOM ENGINEERING COLLEGE 28/06/2007   006.3 J33 7276 05/10/2024 05/10/2024 Books 4
© Seacom Engineering College, All rights reserved.      Powered by Koha